Information driven management concepts and themes : (Record no. 151535)

MARC details
000 -LEADER
fixed length control field 00996nam a2200265 a 4500
008 - FIXED-LENGTH DATA ELEMENTS--GENERAL INFORMATION
fixed length control field
020 ## - INTERNATIONAL STANDARD BOOK NUMBER
International Standard Book Number 359821815X (hbk. )
049 ## - LOCAL HOLDINGS (OCLC)
Holding library MAIN
090 ## - LOCALLY ASSIGNED LC-TYPE CALL NUMBER (OCLC); LOCAL CALL NUMBER (RLIN)
Classification number (OCLC) (R) ; Classification number, CALL (RLIN) (NR) Z678.93M26
Local cutter number (OCLC) ; Book number/undivided call number, CALL (RLIN) KOE
003 - CONTROL NUMBER IDENTIFIER
control field
005 - DATE AND TIME OF LATEST TRANSACTION
control field 20230123133615.0
040 ## - CATALOGING SOURCE
Transcribing agency NUST
100 1# - MAIN ENTRY--PERSONAL NAME
Personal name Koenig, Michael E. D.
245 10 - TITLE STATEMENT
Title Information driven management concepts and themes :
Remainder of title a toolkit for librarians /
Statement of responsibility, etc. by Michael E.D. Koenig ; with the assistance of Morgen MacIntosh.
260 ## - PUBLICATION, DISTRIBUTION, ETC.
Place of publication, distribution, etc. M�unchen :
Name of publisher, distributor, etc. K.G. Saur,
Date of publication, distribution, etc. 1998.
300 ## - PHYSICAL DESCRIPTION
Extent 73 p. ;
Dimensions 22 cm.
440 #0 - SERIES STATEMENT/ADDED ENTRY--TITLE
Title IFLA publications,
International Standard Serial Number 0344-6891 ;
Volume/sequential designation 86.
504 ## - BIBLIOGRAPHY, ETC. NOTE
Bibliography, etc. note Includes bibliographical references.
650 #0 - SUBJECT ADDED ENTRY--TOPICAL TERM
Topical term or geographic name entry element Information resources management.
650 #0 - SUBJECT ADDED ENTRY--TOPICAL TERM
Topical term or geographic name entry element Management information systems.
650 #0 - SUBJECT ADDED ENTRY--TOPICAL TERM
Topical term or geographic name entry element Library administration.
710 2# - ADDED ENTRY--CORPORATE NAME
Corporate name or jurisdiction name as entry element International Federation of Library Associations and Institutions.
Subordinate unit Section on Management and Marketing.
907 ## - LOCAL DATA ELEMENT G, LDG (RLIN)
a .b10109006
b 22-05-12
c 03-02-04
942 ## - ADDED ENTRY ELEMENTS (KOHA)
Koha item type Ordinary Loan Books
Call number prefix Z678.93M26
Call number suffix KOE
Holdings
Date last seen Total Checkouts Full call number Barcode Cost, replacement price Price effective from Koha item type Lost status Source of classification or shelving scheme Damaged status Not for loan Collection Withdrawn status Home library Current library Shelving location Date acquired Cost, normal purchase price
01/23/2023 14 Z678.93M26 INF 92003007063 80.00 01/23/2023 BOOKS   LCC     NFIC   MAIN MAIN GEN 01/23/2023 80.00